000 00482nam a22001457a 4500
999 _c57360
_d57360
005 20200601154321.0
008 200601c20182019ge ||||| |||| 00| 0 geo d
022 _a22980490
041 _ageo
245 _aЮжнокавказский Юридический Журнал =South Caucasus Law Journal :
_b
_cРед. А. Манасян.
300 _aV.
653 _aსამართალი
700 _aМанасян,А.
_eრედაქტორი
_98276
942 _2udc
_cCR